000 00729nab a2200193 4500
001 244442
003 OSt
005 20250331082812.0
007 tu
008 200917s2020|||||||
040 _aDE-2950
_cDE-2950
245 0 0 _aGrünanlagen-Chefin geht in den Ruhestand
_bPorträt. Nach 33 Berufsjahren hat sich Doris Bunk, Abteilungsleiterin Grünanlagen bei der Stadt, verabschiedet. Was die Planerin des grünen Stadtumbaus erreicht hat und welche Aufgaben sie ihrem Nachfolger hinterlässt/
_cInes Weber-Rath
264 _c2024
653 _aFrankfurt (Oder)
653 _aGrünanlagen
653 _aDoris Bunk
773 0 _g36. Jahrgang (2025) Nr. 71 vom 25.03.2025, S. 16 mit Foto
_tMärkische Oderzeitung
942 _2z
_cA
999 _c373667
_d373667